000 004150000a22001450004500
060 _a100
082 _a301 GRE
100 _aGreen, Arnold W
245 _aSociology: An analysis of life in modern society
260 _aNewyork, Mc Graw- Hill Book Company Inc
260 _c1960
300 _a672
650 _aSociology- Modern society/ Modern society/ Sociological institutions/ social change
942 _cBK
999 _c348960
_d348960